La cuarta pantalla : marketing, publicidad y contenidos en la telefonía móvil /
Guardado en:
| Autor Principal: | |
|---|---|
| Otros Autores: | , |
| Formato: | Libro |
| Idioma: | Spanish |
| Publicado: |
Buenos Aires :
Lectorum-Ugerman Editor,
c2008.
|
| Edición: | 1a. ed. |
| Series: | Colección Comunicación y cultura.
|
| Materias: | |
| Etiquetas: |
Agregar Etiqueta
Sin Etiquetas, Sea el primero en etiquetar este registro!
|
| LEADER | 01129nam a22002535a 4500 | ||
|---|---|---|---|
| 001 | EAD.ead004261 | ||
| 008 | 180802s2008####ag#a#####b####000#0#spa#d | ||
| 005 | 20190606155743.0 | ||
| 245 | 1 | 3 | |a La cuarta pantalla : |b marketing, publicidad y contenidos en la telefonía móvil / |c Roberto Igarza, Francisco Vacas, Federico Vibes. |
| 250 | |a 1a. ed. | ||
| 260 | |a Buenos Aires : |b Lectorum-Ugerman Editor, |c c2008. | ||
| 300 | |a 197 p. : |b il. ; |c 22 cm. | ||
| 490 | 1 | |a Colección Comunicación y cultura | |
| 504 | |a Incluye referencias bibliográficas. | ||
| 505 | 0 | |a Móvil, digital y entretenido: la sociedad del ocio intersticial /Roberto Igarza -- El celular en el proceso de convergencia / Francisco Vacas -- La protección legal de los contenidos en la cuarta pantalla / Federico Vibes | |
| 020 | |a 9789871547029 | ||
| 100 | 1 | |a Igarza, Roberto. | |
| 700 | 1 | |a Vacas Aguilar, F. |q (Francisco) | |
| 700 | 1 | |a Vibes, Federico Pablo. | |
| 830 | 0 | |a Colección Comunicación y cultura. | |
| 082 | 0 | 4 | |a 658.872 |2 21 |
| 653 | |a Marketing digital | ||
| 653 | |a Marketing móvil | ||
| 859 | |a AR-BaBDC |b BIB. ADMINISTRACION - Libros |h 658.872 |i Ig1 |p b06868 | ||
